[Event "male"]
[Site "?"]
[Date "2016.02.16"]
[Round "6.1"]
[White "Schekachikhin, Maksim"]
[Black "Shubin, Kirill"]
[Result "1-0"]
[LiveChessVersion "1.4.2"]
[BlackElo "2219"]
[WhiteElo "2300"]

1. d4 {[%clk 1:30:56]} Nf6 {[%clk 1:30:55]} 2. c4 {[%clk 1:31:17]} e6
{[%clk 1:31:23]} 3. Nc3 {[%clk 1:31:36]} Bb4 {[%clk 1:31:50]} 4. Qc2
{[%clk 1:31:57]} O-O {[%clk 1:31:48]} 5. Nf3 {[%clk 1:32:20]} c5 {[%clk 1:32:06]}
6. dxc5 {[%clk 1:32:34]} Na6 {[%clk 1:32:30]} 7. g3 {[%clk 1:32:59]} Nxc5
{[%clk 1:29:37]} 8. Bg2 {[%clk 1:33:22]} Nfe4 {[%clk 1:23:59]} 9. O-O
{[%clk 1:30:03]} Bxc3 {[%clk 1:21:04]} 10. bxc3 {[%clk 1:30:23]} Qa5
{[%clk 1:15:23]} 11. Ng5 {[%clk 1:22:33]} Nxg5 {[%clk 1:14:17]} 12. Bxg5
{[%clk 1:23:02]} f6 {[%clk 1:14:13]} 13. Bf4 {[%clk 1:17:38]} e5 {[%clk 1:11:22]}
14. Be3 {[%clk 1:13:19]} d6 {[%clk 1:06:46]} 15. Rfd1 {[%clk 1:08:50]} Qc7
{[%clk 1:06:58]} 16. Rab1 {[%clk 1:04:19]} Rb8 {[%clk 1:05:04]} 17. Qd2
{[%clk 0:57:08]} Rd8 {[%clk 1:03:06]} 18. Bxc5 {[%clk 0:54:41]} Qxc5
{[%clk 1:03:23]} 19. Rb5 {[%clk 0:52:05]} Qc7 {[%clk 1:02:33]} 20. c5
{[%clk 0:52:07]} d5 {[%clk 1:02:50]} 21. Bxd5+ {[%clk 0:50:53]} Kh8
{[%clk 1:03:13]} 22. Qe3 {[%clk 0:45:42]} f5 {[%clk 0:40:23]} 23. c4
{[%clk 0:44:05]} f4 {[%clk 0:40:21]} 24. Qa3 {[%clk 0:35:10]} e4 {[%clk 0:27:37]}
25. Qa5 {[%clk 0:25:44]} b6 {[%clk 0:27:57]} 26. cxb6 {[%clk 0:24:52]} axb6
{[%clk 0:28:24]} 27. Qe1 {[%clk 0:18:06]} Bd7 {[%clk 0:23:52]} 28. Rbb1
{[%clk 0:14:15]} Ba4 {[%clk 0:20:09]} 29. Rd4 {[%clk 0:12:30]} fxg3
{[%clk 0:17:08]} 30. hxg3 {[%clk 0:12:48]} e3 {[%clk 0:15:27]} 31. f3
{[%clk 0:11:49]} Bc2 {[%clk 0:14:09]} 32. Rc1 {[%clk 0:11:40]} Bg6
{[%clk 0:14:01]} 33. Kg2 {[%clk 0:10:49]} Qe5 {[%clk 0:13:37]} 34. Qc3
{[%clk 0:08:35]} b5 {[%clk 0:09:26]} 35. Rg4 {[%clk 0:06:08]} Qe8
{[%clk 0:07:35]} 36. Be4 {[%clk 0:05:07]} b4 {[%clk 0:07:02]} 37. Qxe3
{[%clk 0:05:03]} Ra8 {[%clk 0:06:15]} 38. Rxg6 {[%clk 0:02:56]} hxg6
{[%clk 0:06:43]} 39. Rh1+ {[%clk 0:03:20]} Kg8 {[%clk 0:07:11]} 40. Qg5
{[%clk 0:32:00]} Qe6 {[%clk 0:34:30]} 41. Bd5 {[%clk 0:25:02]} Rxd5
{[%clk 0:34:39]} 42. Qxd5 {[%clk 0:25:31]} Qxd5 {[%clk 0:34:54]} 43. cxd5
{[%clk 0:25:59]} Rxa2 {[%clk 0:35:13]} 44. Kf2 {[%clk 0:25:28]} Rd2
{[%clk 0:35:31]} 45. Rb1 {[%clk 0:24:55]} Rxd5 {[%clk 0:35:58]} 46. Rxb4
{[%clk 0:25:20]} Kf7 {[%clk 0:36:08]} 47. Rb7+ {[%clk 0:24:18]} Kf6
{[%clk 0:35:53]} 48. Rb6+ {[%clk 0:24:43]} Kf7 {[%clk 0:36:15]} 49. Ke3
{[%clk 0:20:19]} Re5+ {[%clk 0:35:48]} 50. Kd3 {[%clk 0:18:41]} Ra5
{[%clk 0:36:10]} 51. Rd6 {[%clk 0:18:13]} Ra3+ {[%clk 0:35:42]} 52. Ke4
{[%clk 0:18:15]} Ra2 {[%clk 0:35:09]} 53. e3 {[%clk 0:18:40]} Ra3
{[%clk 0:34:33]} 54. f4 {[%clk 0:15:10]} Ra4+ {[%clk 0:33:04]} 55. Rd4
{[%clk 0:15:38]} Ra5 {[%clk 0:32:21]} 56. Rd5 {[%clk 0:15:09]} Ra4+
{[%clk 0:32:17]} 57. Kf3 {[%clk 0:15:38]} Ra7 {[%clk 0:31:31]} 58. e4
{[%clk 0:14:53]} Ra3+ {[%clk 0:30:51]} 59. Kg4 {[%clk 0:15:22]} Rb3
{[%clk 0:30:33]} 60. Rd7+ {[%clk 0:14:59]} Kf8 {[%clk 0:30:49]} 61. e5
{[%clk 0:09:44]} Rc3 {[%clk 0:31:10]} 62. Rd1 {[%clk 0:08:43]} Re3
{[%clk 0:28:38]} 63. Rg1 {[%clk 0:08:56]} Kg8 {[%clk 0:28:47]} 64. Kg5
{[%clk 0:09:10]} Kh7 {[%clk 0:28:41]} 65. g4 {[%clk 0:09:16]} Re4
{[%clk 0:29:08]} 66. Rh1+ {[%clk 0:08:57]} Kg8 {[%clk 0:29:33]} 67. Rd1
{[%clk 0:08:47]} Kh7 {[%clk 0:28:40]} 68. Rd6 {[%clk 0:08:40]} 1-0

[Event "male"]
[Site "?"]
[Date "2016.02.16"]
[Round "6.2"]
[White "Sichinava, Zviad"]
[Black "Askerov, Marat"]
[Result "0-1"]
[LiveChessVersion "1.4.2"]
[BlackElo "2281"]
[WhiteElo "2313"]

1. d4 {[%clk 1:17:40]} Nf6 {[%clk 1:30:54]} 2. Bg5 {[%clk 1:17:31]} e6
{[%clk 1:30:52]} 3. e3 {[%clk 1:17:33]} c5 {[%clk 1:30:44]} 4. c3
{[%clk 1:17:22]} h6 {[%clk 1:30:40]} 5. Bh4 {[%clk 1:17:03]} b6 {[%clk 1:31:00]}
6. f4 {[%clk 1:13:08]} Bb7 {[%clk 1:29:25]} 7. Nf3 {[%clk 1:13:29]} Be7
{[%clk 1:29:35]} 8. Bxf6 {[%clk 1:13:45]} gxf6 {[%clk 1:25:07]} 9. Bd3
{[%clk 1:13:31]} f5 {[%clk 1:24:57]} 10. Nbd2 {[%clk 1:13:39]} cxd4
{[%clk 1:23:38]} 11. cxd4 {[%clk 1:14:03]} Na6 {[%clk 1:20:34]} 12. a3
{[%clk 1:13:41]} Nc7 {[%clk 1:20:44]} 13. Qe2 {[%clk 1:13:43]} Nd5
{[%clk 1:20:04]} 14. Ne5 {[%clk 1:12:30]} d6 {[%clk 1:09:33]} 15. Bb5+
{[%clk 1:11:58]} Kf8 {[%clk 1:10:00]} 16. Nc6 {[%clk 1:12:17]} Bh4+
{[%clk 1:01:17]} 17. g3 {[%clk 1:12:30]} Qc7 {[%clk 1:01:03]} 18. gxh4
{[%clk 1:01:00]} Bxc6 {[%clk 0:58:52]} 19. Bxc6 {[%clk 0:57:15]} Qxc6
{[%clk 0:59:19]} 20. Kf2 {[%clk 0:53:13]} Rc8 {[%clk 0:55:25]} 21. Rhg1
{[%clk 0:38:31]} Qc2 {[%clk 0:49:44]} 22. Rab1 {[%clk 0:36:59]} Nf6
{[%clk 0:49:40]} 23. h3 {[%clk 0:31:19]} Ke7 {[%clk 0:47:48]} 24. b3
{[%clk 0:16:27]} Rc3 {[%clk 0:42:31]} 25. Rgc1 {[%clk 0:09:13]} Qxc1
{[%clk 0:42:21]} 26. Rxc1 {[%clk 0:09:39]} Rxc1 {[%clk 0:42:48]} 27. Qa6
{[%clk 0:09:47]} Rc7 {[%clk 0:40:13]} 28. a4 {[%clk 0:04:29]} Ne4+
{[%clk 0:39:58]} 29. Nxe4 {[%clk 0:04:42]} fxe4 {[%clk 0:40:27]} 30. h5
{[%clk 0:04:04]} Rg8 {[%clk 0:40:41]} 31. Qe2 {[%clk 0:03:48]} Rc1
{[%clk 0:40:50]} 32. Qa6 {[%clk 0:03:49]} d5 {[%clk 0:39:37]} 33. Qxa7+
{[%clk 0:03:43]} Kf6 {[%clk 0:40:05]} 34. f5 {[%clk 0:03:31]} Rcg1
{[%clk 0:40:26]} 0-1

[Event "male"]
[Site "?"]
[Date "2016.02.16"]
[Round "6.3"]
[White "Abramov, Nikita"]
[Black "Pershin, Denis"]
[Result "1-0"]
[LiveChessVersion "1.4.2"]
[BlackElo "2375"]
[WhiteElo "2238"]

1. Nf3 {[%clk 1:30:58]} Nf6 {[%clk 1:30:35]} 2. c4 {[%clk 1:31:23]} e6
{[%clk 1:29:17]} 3. g3 {[%clk 1:31:49]} d5 {[%clk 1:29:41]} 4. Bg2
{[%clk 1:32:12]} Be7 {[%clk 1:29:12]} 5. O-O {[%clk 1:32:35]} O-O
{[%clk 1:29:23]} 6. d4 {[%clk 1:32:58]} dxc4 {[%clk 1:29:23]} 7. Qa4
{[%clk 1:33:22]} a6 {[%clk 1:27:31]} 8. Qxc4 {[%clk 1:33:45]} b5 {[%clk 1:27:58]}
9. Qc2 {[%clk 1:34:09]} Bb7 {[%clk 1:28:22]} 10. Bd2 {[%clk 1:34:30]} Be4
{[%clk 1:28:44]} 11. Qc1 {[%clk 1:34:56]} Nc6 {[%clk 1:29:05]} 12. Nc3
{[%clk 1:25:23]} Nxd4 {[%clk 1:24:40]} 13. Nxd4 {[%clk 1:24:25]} Bxg2
{[%clk 1:22:35]} 14. Nxe6 {[%clk 1:23:23]} fxe6 {[%clk 1:22:42]} 15. Kxg2
{[%clk 1:23:37]} c5 {[%clk 1:23:08]} 16. Qc2 {[%clk 1:17:11]} Qb6
{[%clk 1:23:32]} 17. f3 {[%clk 1:13:47]} Rad8 {[%clk 1:19:25]} 18. Bg5
{[%clk 1:03:56]} Qc6 {[%clk 1:12:34]} 19. Bxf6 {[%clk 1:02:10]} Bxf6
{[%clk 1:09:56]} 20. Ne4 {[%clk 1:00:21]} Rd5 {[%clk 1:05:15]} 21. a4
{[%clk 0:55:24]} Bd4 {[%clk 0:49:49]} 22. axb5 {[%clk 0:55:27]} axb5
{[%clk 0:49:46]} 23. Ra2 {[%clk 0:44:37]} c4 {[%clk 0:48:32]} 24. Rfa1
{[%clk 0:43:16]} Rdd8 {[%clk 0:39:33]} 25. Ng5 {[%clk 0:39:32]} g6
{[%clk 0:32:37]} 26. Ra6 {[%clk 0:38:37]} Bb6 {[%clk 0:33:05]} 27. Qc3
{[%clk 0:35:14]} e5 {[%clk 0:29:55]} 28. Ne4 {[%clk 0:29:13]} Rd4
{[%clk 0:30:21]} 29. Qe3 {[%clk 0:27:57]} b4 {[%clk 0:21:56]} 30. Ng5
{[%clk 0:21:21]} Re8 {[%clk 0:21:34]} 31. R1a5 {[%clk 0:18:39]} Qb7
{[%clk 0:16:20]} 32. Rxe5 {[%clk 0:18:05]} Rxe5 {[%clk 0:11:31]} 33. Qxe5
{[%clk 0:18:30]} Qxa6 {[%clk 0:11:59]} 34. Qe8+ {[%clk 0:17:55]} Kg7
{[%clk 0:12:28]} 35. Qe7+ {[%clk 0:17:54]} Kh6 {[%clk 0:12:35]} 36. Nf7+
{[%clk 0:18:02]} Kg7 {[%clk 0:12:59]} 37. Ne5+ {[%clk 0:18:25]} Kh6
{[%clk 0:13:24]} 38. Qf8+ {[%clk 0:18:36]} Kh5 {[%clk 0:11:15]} 39. g4+
{[%clk 0:18:54]} Kg5 {[%clk 0:11:39]} 40. h4+ {[%clk 0:49:18]} 1-0

[Event "male"]
[Site "?"]
[Date "2016.02.16"]
[Round "6.4"]
[White "Fraiman, Dmitry"]
[Black "Palchun, Grigory"]
[Result "1/2-1/2"]
[LiveChessVersion "1.4.2"]
[BlackElo "2332"]
[WhiteElo "2193"]

1. e4 {[%clk 1:22:45]} c5 {[%clk 1:24:13]} 2. Nf3 {[%clk 1:23:10]} Nc6
{[%clk 1:24:38]} 3. d4 {[%clk 1:23:37]} cxd4 {[%clk 1:25:04]} 4. Nxd4
{[%clk 1:24:03]} Nf6 {[%clk 1:25:27]} 5. Nc3 {[%clk 1:24:29]} d6 {[%clk 1:25:51]}
6. Bc4 {[%clk 1:24:55]} Qb6 {[%clk 1:26:09]} 7. Nxc6 {[%clk 1:25:13]} bxc6
{[%clk 1:26:33]} 8. O-O {[%clk 1:25:34]} g6 {[%clk 1:25:35]} 9. Qe1
{[%clk 1:25:43]} Qc5 {[%clk 1:23:43]} 10. Bb3 {[%clk 1:21:47]} Ba6
{[%clk 1:21:48]} 11. e5 {[%clk 1:16:27]} Qxe5 {[%clk 1:13:31]} 12. Qxe5
{[%clk 1:12:17]} dxe5 {[%clk 1:13:56]} 13. Re1 {[%clk 1:12:41]} Nd7
{[%clk 1:14:19]} 14. Ne4 {[%clk 1:12:29]} Bg7 {[%clk 1:13:05]} 15. Bd2
{[%clk 1:07:49]} Nb6 {[%clk 1:04:44]} 16. a4 {[%clk 1:06:55]} O-O
{[%clk 1:02:30]} 17. Nc5 {[%clk 0:58:12]} Bc8 {[%clk 1:01:52]} 18. Bc3
{[%clk 0:57:10]} Nd7 {[%clk 1:01:25]} 19. Nxd7 {[%clk 0:56:33]} Bxd7
{[%clk 1:01:50]} 20. Bxe5 {[%clk 0:56:48]} Rfe8 {[%clk 0:58:26]} 21. f3
{[%clk 0:50:55]} Bxe5 {[%clk 0:44:16]} 22. Rxe5 {[%clk 0:49:52]} Kf8
{[%clk 0:44:43]} 23. Rd1 {[%clk 0:49:05]} Red8 {[%clk 0:45:02]} 24. Ra5
{[%clk 0:48:19]} e6 {[%clk 0:44:02]} 25. Kf2 {[%clk 0:46:23]} Ke7
{[%clk 0:43:50]} 26. Bc4 {[%clk 0:45:42]} Bc8 {[%clk 0:38:42]} 27. Rxd8
{[%clk 0:44:17]} Kxd8 {[%clk 0:36:01]} 28. b4 {[%clk 0:44:09]} Kc7
{[%clk 0:36:17]} 29. c3 {[%clk 0:42:02]} Kb6 {[%clk 0:32:58]} 30. Ke3
{[%clk 0:38:58]} Bd7 {[%clk 0:33:10]} 31. Kd4 {[%clk 0:35:35]} f6
{[%clk 0:23:41]} 32. Ra6+ {[%clk 0:34:38]} Kb7 {[%clk 0:24:08]} 33. Kc5
{[%clk 0:34:05]} Rd8 {[%clk 0:24:24]} 34. b5 {[%clk 0:27:59]} cxb5
{[%clk 0:21:08]} 35. axb5 {[%clk 0:26:18]} Rc8+ {[%clk 0:20:55]} 36. Kb4
{[%clk 0:25:46]} Re8 {[%clk 0:20:58]} 37. Bb3 {[%clk 0:24:55]} f5
{[%clk 0:19:19]} 38. f4 {[%clk 0:21:05]} e5 {[%clk 0:18:22]} 39. Bd5+
{[%clk 0:20:30]} Kb8 {[%clk 0:18:35]} 40. fxe5 {[%clk 0:50:12]} Rxe5
{[%clk 0:48:48]} 41. c4 {[%clk 0:49:53]} f4 {[%clk 0:46:16]} 42. Rf6
{[%clk 0:41:29]} Rf5 {[%clk 0:45:09]} 43. Rxf5 {[%clk 0:40:44]} Bxf5
{[%clk 0:45:35]} 44. Kc5 {[%clk 0:39:33]} Kc7 {[%clk 0:45:59]} 45. Kd4
{[%clk 0:39:41]} Kb6 {[%clk 0:20:18]} 46. Bf3 {[%clk 0:39:25]} g5
{[%clk 0:13:53]} 47. Be2 {[%clk 0:38:57]} h6 {[%clk 0:13:33]} 48. c5+
{[%clk 0:38:49]} Kc7 {[%clk 0:14:00]} 49. Ke5 {[%clk 0:38:20]} Bc2
{[%clk 0:14:07]} 50. Bf1 {[%clk 0:35:20]} Bd1 {[%clk 0:11:39]} 51. Ke4
{[%clk 0:33:14]} Bc2+ {[%clk 0:07:34]} 52. Bd3 {[%clk 0:33:25]} Bd1
{[%clk 0:08:01]} 53. h3 {[%clk 0:30:08]} Kd8 {[%clk 0:07:05]} 54. Kf5
{[%clk 0:12:44]} f3 {[%clk 0:04:37]} 55. g4 {[%clk 0:09:58]} Be2 {[%clk 0:03:52]}
56. Ke4 {[%clk 0:10:23]} Kc7 {[%clk 0:04:16]} 57. Ke3 {[%clk 0:10:30]} Bd1
{[%clk 0:04:44]} 58. Kf2 {[%clk 0:09:58]} Kb8 {[%clk 0:01:03]} 59. Be4
{[%clk 0:09:24]} Be2 {[%clk 0:01:31]} 60. b6 {[%clk 0:08:38]} axb6
{[%clk 0:01:58]} 61. cxb6 {[%clk 0:08:56]} Bc4 {[%clk 0:01:40]} 62. Kxf3
{[%clk 0:08:55]} Bf1 {[%clk 0:01:50]} 63. Kg3 {[%clk 0:09:09]} Be2
{[%clk 0:01:52]} 64. Bf3 {[%clk 0:09:08]} Bf1 {[%clk 0:02:14]} 65. h4
{[%clk 0:09:06]} gxh4+ {[%clk 0:01:03]} 66. Kxh4 {[%clk 0:09:31]} Kc8
{[%clk 0:01:14]} 67. Kh5 {[%clk 0:06:00]} Bh3 {[%clk 0:01:39]} 68. Kh4
{[%clk 0:04:57]} Bf1 {[%clk 0:02:04]} 69. Kg3 {[%clk 0:04:54]} Kb8
{[%clk 0:02:15]} 70. Kf4 {[%clk 0:04:01]} Bh3 {[%clk 0:02:30]} 71. Bc6
{[%clk 0:03:19]} Kc8 {[%clk 0:02:41]} 72. Kg3 {[%clk 0:01:14]} Bf1
{[%clk 0:03:08]} 73. Bd5 {[%clk 0:01:18]} Be2 {[%clk 0:02:59]} 74. Bf3
{[%clk 0:00:52]} Bf1 {[%clk 0:03:24]} 75. Bg2 {[%clk 0:01:07]} Be2
{[%clk 0:03:44]} 76. Kf4 {[%clk 0:01:03]} Kb8 {[%clk 0:04:00]} 77. Kf5
{[%clk 0:00:55]} Bd3+ {[%clk 0:04:13]} 78. Ke5 {[%clk 0:00:39]} Be2
{[%clk 0:04:37]} 79. Kf4 {[%clk 0:01:00]} Bd3 {[%clk 0:04:55]} 80. Ke3
{[%clk 0:00:48]} Bc4 {[%clk 0:05:13]} 81. Bf3 {[%clk 0:00:43]} Bf1
{[%clk 0:05:27]} 82. Kd4 {[%clk 0:00:41]} Bh3 {[%clk 0:05:50]} 83. Kc5
{[%clk 0:00:46]} Bf1 {[%clk 0:06:15]} 84. Kc6 {[%clk 0:00:43]} Bh3
{[%clk 0:06:30]} 85. Kd6 {[%clk 0:00:40]} Bf1 {[%clk 0:06:46]} 86. Ke5
{[%clk 0:00:45]} Bh3 {[%clk 0:07:06]} 87. Kf4 {[%clk 0:00:54]} Bf1
{[%clk 0:07:27]} 88. Kg3 {[%clk 0:00:44]} Bd3 {[%clk 0:07:28]} 89. Kf2
{[%clk 0:00:50]} Bc4 {[%clk 0:07:51]} 90. Be2 {[%clk 0:00:41]} Be6
{[%clk 0:08:10]} 91. Kg3 {[%clk 0:00:41]} Bxg4 {[%clk 0:08:34]} 92. Bf1
{[%clk 0:00:35]} 1/2-1/2

[Event "male"]
[Site "?"]
[Date "2016.02.16"]
[Round "6.5"]
[White "Artamonov, Valery"]
[Black "Borisovsky, Dmitry"]
[Result "1/2-1/2"]
[LiveChessVersion "1.4.2"]
[BlackElo "2197"]
[WhiteElo "2292"]

1. c4 {[%clk 1:26:57]} Nf6 {[%clk 1:30:51]} 2. Nc3 {[%clk 1:27:21]} d5
{[%clk 1:31:16]} 3. cxd5 {[%clk 1:26:55]} Nxd5 {[%clk 1:31:40]} 4. g3
{[%clk 1:27:18]} e5 {[%clk 1:29:46]} 5. Bg2 {[%clk 1:27:42]} Nb6 {[%clk 1:29:24]}
6. Nf3 {[%clk 1:28:06]} Nc6 {[%clk 1:29:48]} 7. O-O {[%clk 1:28:33]} Be7
{[%clk 1:30:05]} 8. Rb1 {[%clk 1:28:59]} a5 {[%clk 1:26:17]} 9. b3
{[%clk 1:29:07]} O-O {[%clk 1:25:40]} 10. Bb2 {[%clk 1:29:33]} Be6
{[%clk 1:25:12]} 11. Rc1 {[%clk 1:29:51]} f6 {[%clk 1:15:53]} 12. d4
{[%clk 1:22:35]} exd4 {[%clk 1:14:44]} 13. Ne4 {[%clk 1:22:09]} d3
{[%clk 1:13:14]} 14. exd3 {[%clk 1:19:52]} Qd7 {[%clk 1:10:29]} 15. d4
{[%clk 1:00:08]} Nd5 {[%clk 1:03:51]} 16. Re1 {[%clk 0:57:36]} Rfe8
{[%clk 0:59:13]} 17. a3 {[%clk 0:57:27]} Rad8 {[%clk 0:55:54]} 18. Qc2
{[%clk 0:55:53]} Bf8 {[%clk 0:52:28]} 19. Nc5 {[%clk 0:50:04]} Bxc5
{[%clk 0:52:50]} 20. Qxc5 {[%clk 0:50:29]} Nb6 {[%clk 0:51:11]} 21. Re3
{[%clk 0:35:36]} Bd5 {[%clk 0:50:37]} 22. Rce1 {[%clk 0:24:38]} Qf7
{[%clk 0:46:05]} 23. Qb5 {[%clk 0:23:55]} Rxe3 {[%clk 0:43:20]} 24. Rxe3
{[%clk 0:24:05]} a4 {[%clk 0:28:18]} 25. bxa4 {[%clk 0:22:01]} Bc4
{[%clk 0:28:03]} 26. Qf5 {[%clk 0:22:03]} Nxa4 {[%clk 0:28:15]} 27. Bc1
{[%clk 0:19:19]} Nb6 {[%clk 0:26:40]} 28. Re1 {[%clk 0:17:24]} Bd5
{[%clk 0:24:52]} 29. h4 {[%clk 0:13:59]} Qd7 {[%clk 0:22:11]} 30. Qf4
{[%clk 0:10:37]} Bf7 {[%clk 0:13:06]} 31. Kh2 {[%clk 0:10:34]} Nd5
{[%clk 0:13:09]} 32. Qd2 {[%clk 0:10:53]} Qd6 {[%clk 0:11:23]} 33. Qb2
{[%clk 0:10:53]} b6 {[%clk 0:11:22]} 34. Nd2 {[%clk 0:10:37]} Nde7
{[%clk 0:09:40]} 35. Nf3 {[%clk 0:09:10]} Nd5 {[%clk 0:09:07]} 36. Qc2
{[%clk 0:07:03]} Na5 {[%clk 0:05:48]} 37. Nd2 {[%clk 0:07:03]} Qc6
{[%clk 0:05:29]} 38. Qf5 {[%clk 0:06:34]} Nc4 {[%clk 0:04:45]} 39. Be4
{[%clk 0:03:21]} g6 {[%clk 0:04:36]} 40. Qf3 {[%clk 0:33:19]} f5 {[%clk 0:31:58]}
41. Bd3 {[%clk 0:28:31]} Nxd2 {[%clk 0:28:09]} 42. Bxd2 {[%clk 0:28:59]} Nb4
{[%clk 0:28:18]} 43. Qe2 {[%clk 0:18:58]} Re8 {[%clk 0:25:22]} 44. Be3
{[%clk 0:17:46]} Nxd3 {[%clk 0:25:04]} 45. Qxd3 {[%clk 0:18:14]} Qf3
{[%clk 0:21:47]} 46. Qd1 {[%clk 0:17:55]} Rxe3 {[%clk 0:10:47]} 47. fxe3
{[%clk 0:18:14]} Qf2+ {[%clk 0:11:14]} 48. Kh3 {[%clk 0:17:08]} Be6
{[%clk 0:09:16]} 49. Rg1 {[%clk 0:17:31]} f4+ {[%clk 0:08:45]} 50. g4
{[%clk 0:17:57]} h5 {[%clk 0:02:42]} 51. exf4 {[%clk 0:18:09]} hxg4+
{[%clk 0:02:42]} 52. Rxg4 {[%clk 0:18:33]} Qxf4 {[%clk 0:02:02]} 53. Qe2
{[%clk 0:15:07]} Bxg4+ {[%clk 0:01:15]} 54. Qxg4 {[%clk 0:15:32]} Qe3+
{[%clk 0:01:39]} 55. Kg2 {[%clk 0:14:43]} Qd2+ {[%clk 0:02:01]} 56. Kf1
{[%clk 0:14:45]} Qd3+ {[%clk 0:02:19]} 57. Kf2 {[%clk 0:15:07]} 1/2-1/2

[Event "male"]
[Site "?"]
[Date "2016.02.16"]
[Round "6.6"]
[White "Goldobin, Mikhail"]
[Black "Saveliev, Alexei"]
[Result "0-1"]
[LiveChessVersion "1.4.2"]
[BlackElo "2328"]
[WhiteElo "2172"]

1. d4 {[%clk 1:30:58]} Nf6 {[%clk 1:30:57]} 2. Nf3 {[%clk 1:31:09]} e6
{[%clk 1:30:46]} 3. Bf4 {[%clk 1:31:21]} c5 {[%clk 1:28:35]} 4. e3
{[%clk 1:31:31]} d5 {[%clk 1:28:49]} 5. c3 {[%clk 1:28:30]} Nc6 {[%clk 1:29:15]}
6. Bd3 {[%clk 1:26:51]} Bd6 {[%clk 1:29:41]} 7. Bg3 {[%clk 1:26:40]} O-O
{[%clk 1:30:06]} 8. Nbd2 {[%clk 1:26:50]} Re8 {[%clk 1:30:26]} 9. Ne5
{[%clk 1:13:43]} Bxe5 {[%clk 1:30:48]} 10. dxe5 {[%clk 1:14:08]} Nd7
{[%clk 1:31:16]} 11. f4 {[%clk 1:12:09]} c4 {[%clk 1:31:43]} 12. Bc2
{[%clk 1:11:53]} Qb6 {[%clk 1:32:10]} 13. O-O {[%clk 1:09:57]} Qxe3+
{[%clk 1:29:20]} 14. Kh1 {[%clk 1:10:25]} g6 {[%clk 1:26:02]} 15. Nf3
{[%clk 1:08:59]} Qc5 {[%clk 1:24:56]} 16. Bf2 {[%clk 0:56:12]} Qf8
{[%clk 1:23:45]} 17. g4 {[%clk 0:46:27]} b6 {[%clk 1:18:33]} 18. Nd4
{[%clk 0:46:01]} Bb7 {[%clk 1:18:15]} 19. Nxc6 {[%clk 0:37:48]} Bxc6
{[%clk 1:18:42]} 20. Bd4 {[%clk 0:38:15]} f6 {[%clk 1:10:59]} 21. exf6
{[%clk 0:37:08]} Nxf6 {[%clk 1:11:17]} 22. Qe2 {[%clk 0:36:38]} Ne4
{[%clk 1:11:04]} 23. Bxe4 {[%clk 0:33:30]} dxe4 {[%clk 1:11:31]} 24. Qxc4
{[%clk 0:32:17]} Rac8 {[%clk 1:11:27]} 25. Qe2 {[%clk 0:30:32]} e3+
{[%clk 1:03:43]} 26. Kg1 {[%clk 0:30:55]} Qd6 {[%clk 1:04:07]} 27. h3
{[%clk 0:11:09]} Qd5 {[%clk 1:00:19]} 28. Kh2 {[%clk 0:10:25]} e5
{[%clk 0:46:58]} 29. fxe5 {[%clk 0:10:48]} Rxe5 {[%clk 0:45:22]} 30. Rf6
{[%clk 0:07:53]} Re6 {[%clk 0:45:23]} 31. Rxe6 {[%clk 0:07:32]} Qxe6
{[%clk 0:45:52]} 32. Qxe3 {[%clk 0:07:14]} Qd5 {[%clk 0:45:30]} 33. Kg3
{[%clk 0:06:24]} g5 {[%clk 0:45:27]} 34. Qd2 {[%clk 0:02:34]} Re8
{[%clk 0:43:19]} 0-1

[Event "male"]
[Site "?"]
[Date "2016.02.16"]
[Round "6.7"]
[White "Tarasov, Ilya"]
[Black "Timerkhanov, Alexander"]
[Result "0-1"]
[LiveChessVersion "1.4.2"]
[BlackElo "2251"]
[WhiteElo "2209"]

1. d4 {[%clk 1:29:56]} d5 {[%clk 1:30:56]} 2. c4 {[%clk 1:30:16]} c6
{[%clk 1:31:22]} 3. Nf3 {[%clk 1:30:42]} dxc4 {[%clk 1:31:45]} 4. a4
{[%clk 1:30:50]} Nf6 {[%clk 1:31:50]} 5. Nc3 {[%clk 1:30:15]} Bf5
{[%clk 1:32:15]} 6. e3 {[%clk 1:30:41]} e6 {[%clk 1:32:39]} 7. Bxc4
{[%clk 1:31:05]} Bb4 {[%clk 1:33:05]} 8. O-O {[%clk 1:31:27]} Nbd7
{[%clk 1:33:28]} 9. Qe2 {[%clk 1:31:52]} Bg6 {[%clk 1:33:51]} 10. e4
{[%clk 1:31:57]} O-O {[%clk 1:34:09]} 11. Bd3 {[%clk 1:30:35]} Re8
{[%clk 1:32:54]} 12. e5 {[%clk 1:29:55]} Nd5 {[%clk 1:33:19]} 13. Nxd5
{[%clk 1:28:27]} cxd5 {[%clk 1:33:45]} 14. Ng5 {[%clk 1:21:56]} h6
{[%clk 1:28:32]} 15. Bxg6 {[%clk 1:21:19]} fxg6 {[%clk 1:28:59]} 16. Nh3
{[%clk 1:21:29]} Qb6 {[%clk 1:27:50]} 17. Be3 {[%clk 1:21:46]} Nf8
{[%clk 1:25:39]} 18. Nf4 {[%clk 1:13:00]} Rac8 {[%clk 1:22:41]} 19. Qg4
{[%clk 1:09:41]} Kh7 {[%clk 1:16:12]} 20. h4 {[%clk 1:04:34]} Be7
{[%clk 0:53:10]} 21. h5 {[%clk 0:55:33]} gxh5 {[%clk 0:45:46]} 22. Nxh5
{[%clk 0:55:39]} Ng6 {[%clk 0:45:47]} 23. Qh3 {[%clk 0:54:20]} Nh4
{[%clk 0:39:10]} 24. Nf6+ {[%clk 0:44:58]} Bxf6 {[%clk 0:39:12]} 25. exf6
{[%clk 0:45:23]} Nf5 {[%clk 0:38:47]} 26. g4 {[%clk 0:44:52]} Nxe3
{[%clk 0:37:53]} 27. fxe3 {[%clk 0:45:16]} e5 {[%clk 0:31:24]} 28. g5
{[%clk 0:05:52]} Qe6 {[%clk 0:31:48]} 29. g6+ {[%clk 0:06:18]} Kh8
{[%clk 0:30:09]} 30. Rf5 {[%clk 0:06:36]} exd4 {[%clk 0:24:48]} 31. exd4
{[%clk 0:07:02]} Rc6 {[%clk 0:14:45]} 32. Raf1 {[%clk 0:06:54]} Rf8
{[%clk 0:14:34]} 33. b4 {[%clk 0:05:04]} Kg8 {[%clk 0:13:39]} 34. b5
{[%clk 0:02:53]} Rd6 {[%clk 0:13:27]} 35. R1f3 {[%clk 0:01:58]} Rxf6
{[%clk 0:06:01]} 36. Rxf6 {[%clk 0:01:57]} gxf6 {[%clk 0:06:25]} 37. Qxh6
{[%clk 0:01:51]} Rd7 {[%clk 0:05:46]} 38. Kf2 {[%clk 0:01:01]} Re7
{[%clk 0:05:42]} 39. Qd2 {[%clk 0:00:49]} Qe4 {[%clk 0:05:07]} 40. Qc3
{[%clk 0:30:38]} Kg7 {[%clk 0:33:39]} 41. Kg2 {[%clk 0:22:43]} Qg4+
{[%clk 0:32:06]} 42. Kf2 {[%clk 0:22:52]} Qh4+ {[%clk 0:32:27]} 43. Rg3
{[%clk 0:22:38]} Qh2+ {[%clk 0:32:52]} 44. Rg2 {[%clk 0:21:48]} Qf4+
{[%clk 0:33:18]} 45. Kg1 {[%clk 0:22:04]} Rc7 {[%clk 0:33:44]} 46. Qg3
{[%clk 0:22:07]} Rc1+ {[%clk 0:34:08]} 47. Kh2 {[%clk 0:22:25]} Qh6+
{[%clk 0:34:34]} 0-1